Hogwarts Staff Slideshow Quiz Stats

Quiz not verified by Sporcle

Challenge
Share
Tweet
Score 0/20 Timer 05:00
1 Play Today
% Correct
Filius Flitwick
97.3%
Minerva McGonagall
96.8%
Argus Filch
95.4%
Quirinus Quirrell
94.3%
Gilderoy Lockhart
93.8%
Horace Slughorn
93.2%
Albus Dumbledore
92.9%
Sybill Trelawney
92.2%
Remus Lupin
91.3%
Pomona Sprout
90%
% Correct
Rolanda Hooch
89.7%
Dolores Umbridge
89.5%
Poppy Pomfrey
89.3%
Severus Snape
89.3%
Barty Crouch Jr.
88.8%
Firenze
81.7%
Aurora Sinistra
50%
Septima Vector
46.6%
Charity Burbage
45.9%
Irma Pince
42.9%

You're not logged in!

Compare scores with friends on all Sporcle quizzes.
Sign Up with Email
OR
Log In

You Might Also Like...

Show Comments

Extras

Top Quizzes Today


Score Distribution

Your Account Isn't Verified!

In order to create a playlist on Sporcle, you need to verify the email address you used during registration. Go to your Sporcle Settings to finish the process.